Equipe de France à la coupe du monde de handball 2017 - Statistiques

Statistiques générales
  • Ce quiz a été pris 1 679 fois
  • Le résultat moyen est 10 sur 18
Statistiques - réponses
Poste Joueur % Correct
Pivot (S'est blessé) Luka Karabatic
98%
Demi-Centre Nikola Karabatic
98%
Gardien Thierry Omeyer
86%
Ailier Luc Abalo
77%
Gardien Vincent Gérard
72%
Ailier Michaël Guigou
67%
Ailier Valentin Porte
67%
Pivot Ludovic Fabregas
63%
Demi-Centre Daniel Narcisse
62%
Arrière Nedim Remili
58%
Ailier Kentin Mahé
57%
Arrière (A remplacé un blessé) Dika Mem
53%
Pivot Cédric Sorhaindo
39%
Arrière Timothey N'Guessan
36%
Arrière Adrien Dipanda
24%
Arrière William Accambray
23%
Ailier (Remplaçant) Yanis Lenne
21%
Arrière Olivier Nyokas
15%
Aucun quiz correspondant
Distribution des résultats
% des personnes avec chaque résultat
Percentile par nombre de réponses
Votre historique - résultats
Vous n’avez pas pris ce quiz